Liedtext - Richtig Gutes Zeug - Deichkind (Lyrics) - Statistiken

Allgemein
  • Dieses Quiz wurde 6 mal gespielt
  • Das Durchschnittsergebnis liegt bei 257 aus 313
Antwortstatistiken
Antwort % Korrekt
auch,
100%
auch?
100%
auch
100%
Da
100%
da
100%
Das
100%
das
100%
die
100%
Richtig
100%
du
100%
echt
100%
Echt
100%
Echt,
100%
er
100%
Er
100%
gut,
100%
gut
100%
gutes
100%
hab
100%
Hat
100%
hat
100%
ich
100%
Ich
100%
ihr
100%
ja
100%
Ja,
100%
Kennt
100%
Könnt
100%
krieg'
100%
Mann
100%
mehr,
100%
mehr
100%
mir
100%
'n
100%
Ne,
100%
'ne
100%
ne
100%
nicht
100%
richtig
100%
Richtig
100%
seh'n?
100%
Tür
100%
von
100%
von,
100%
Zeug,
100%
Zeug
100%
zu
100%
ab
80%
auf
80%
Bär,
80%
Brauner
80%
den?
80%
Den
80%
durchgeblättert
80%
Film,
80%
für
80%
ganz
80%
gefall'n,
80%
gefall'n
80%
geil
80%
geile
80%
geiler
80%
Hatt'
80%
Hätt'
80%
ist,
80%
ist?
80%
Ist
80%
ist
80%
KaDeWe
80%
Katalog
80%
kriegen,
80%
kriegen
80%
Matrix?
80%
Mega
80%
mega
80%
(mega)
80%
PEARL
80%
schon
80%
schwer
80%
Seht
80%
viel
80%
vom
80%
was
80%
wirklich
80%
wirklich,
80%
aber
60%
ausprobier'n,
60%
ausprobier'n
60%
ausprobiert,
60%
Besonderes
60%
bisschen
60%
boah,
60%
Boah,
60%
Bock
60%
doch
60%
drauf
60%
drauf,
60%
Fand
60%
Fela
60%
find'
60%
gefällt
60%
Ginelli,
60%
Gino
60%
ihn
60%
im
60%
immer
60%
jetzt
60%
Jung,
60%
Junge
60%
Junge,
60%
Keller
60%
Krass
60%
krass,
60%
Kuti,
60%
lange
60%
lohnt
60%
los
60%
macht
60%
mal
60%
mal,
60%
Musst
60%
musst
60%
noch
60%
Quali
60%
recherchier'n
60%
Sachen,
60%
Schuss
60%
sich
60%
sowas
60%
suchen
60%
Und
60%
unten
60%
war
60%
12,99,
40%
12,99
40%
CBD
40%
Glööckler
40%
Strass
40%
Ente
40%
Frag
40%
gar
40%
Gebrannte
40%
gibt's
40%
Hagebuttentee
40%
komisch,
40%
kommt
40%
kriegste
40%
man
40%
Mandeln,
40%
nirgendswo
40%
ob
40%
ran
40%
Riecht
40%
Scheint
40%
scheint
40%
schmeckt
40%
sonst
40%
Tropfen,
40%
weißte
40%
wenn
40%
Euro,
20%
HDJ,
20%
sein
20%
Keine übereinstimmenden Quizze gefunden
Verteilung der Resultate
Anzahl Personen mit jedem Resultat
Perzentil nach korrekt beantworteten Fragen
Ihre Resultats-Entwicklung
Sie haben dieses Quiz noch nicht gespielt